Delegování pracovních úkolů a povinností /

Salvato in:
Dettagli Bibliografici
Autore principale: Tepper, Bruce B (Autore)
Natura: Libro
Lingua:ceco
Pubblicazione: Praha : Grada, 1996
Edizione:, prel.z angl.orig.
Tags: Aggiungi Tag
Nessun Tag, puoi essere il primo ad aggiungerne!!

MARC

LEADER 00000nam a22000003a 4500
001 stu30607
005 20150617225734.5
008 980121s1996----cs------------------cze-d
020 |a 80-7169-321-9 
040 |a STU  |b slo 
041 0 |a cze 
044 |a cs 
080 |a 3.083 
100 1 |a Tepper, Bruce B  |4 aut 
245 1 |a Delegování pracovních úkolů a povinností /  |c [aut]Tepper,Bruce B 
250 |a , prel.z angl.orig. 
260 |a Praha :  |b Grada,  |c 1996 
300 |a 78 s 
996 |b 284V027478  |c V*45193/O-19780  |l VVT  |s A  |a 24  |w stu30607_0001